书目信息 |
| 题名: |
农业科学技术广播
|
|
| 作者: | ;中央人民广播电台农村部 编 | |
| 分册: | 第五册 | |
| 出版信息: | 北京 农业出版社 1980 |
|
| 页数: | 52页 | |
| 开本: | 19cm | |
| 丛书名: | ||
| 单 册: | ||
| 中图分类: | S-53 | |
| 科图分类: | ||
| 主题词: | 农业-科学技术--文集 , 科学技术-农业--文集 | |
| 电子资源: | ||
| ISBN: | ||
| 000 | 00683nam0 2200229 45 | |
| 001 | 0180004353 | |
| 005 | 20060801105248.48 | |
| 010 | @dCNY0.17 | |
| 091 | @a16144.2244 | |
| 100 | @a19960215d1980 em y0chiy0121 ea | |
| 101 | 0 | @achi |
| 102 | @aCN@b110000 | |
| 105 | @ay z 000yy | |
| 200 | 10 | @a农业科学技术广播@Anong ye ke xue ji shu guang bo@h第五册@f中央人民广播电台农村部编 |
| 210 | @a北京@c农业出版社@d1980 | |
| 215 | @a52页@d19cm | |
| 606 | @a农业-科学技术@x文集 | |
| 606 | @a科学技术-农业@x文集 | |
| 690 | @aS-53@v3 | |
| 711 | 02 | @a中央人民广播电台农村部@Azhong yang ren min guang bo dian tai nong cun bu@4编 |
| 801 | 0 | @aCN@bTSSF@c20060801 |
| 905 | @a10447@dS-53@e27:5 | |
| 农业科学技术广播.第五册/中央人民广播电台农村部编.-北京:农业出版社,1980 |
| 52页;19cm |
| ISBN :CNY0.17 |
| ● |
| 相关链接 |
|
|
|
|
正题名:农业科学技术广播
索取号:S-53/27:5
 
预约/预借
| 序号 | 登录号 | 条形码 | 馆藏地/架位号 | 状态 | 备注 |
| 1 | 0439287 | 204392870 | 密集书库/ [索取号:S-53/27:5] | 在馆 | |
| 2 | 0439300 | 204393003 | 密集书库/ [索取号:S-53/27:5] | 在馆 | |
| 3 | 0439318 | 204393183 | 密集书库/ [索取号:S-53/27:5] | 在馆 |